Fr. Conceicao Rodrigues College of Engineering

Exploring the UNIX system 3/e (Record no. 19176)

MARC details
000 -LEADER
fixed length control field 00311nam a2200145Ia 4500
082 ## - DEWEY DECIMAL CLASSIFICATION NUMBER
Classification number 5.13
Item number PAN
100 ## - MAIN ENTRY--PERSONAL NAME
Personal name Kochan/Stephen J/ Woods.P.H
245 ## - TITLE STATEMENT
Title Exploring the UNIX system 3/e
260 ## - PUBLICATION, DISTRIBUTION, ETC.
Name of publisher, distributor, etc. SAMS
Place of publication, distribution, etc. Indiana
Date of publication, distribution, etc. 1994
300 ## - PHYSICAL DESCRIPTION
Extent 371
546 ## - LANGUAGE NOTE
Language note ENGLISH
654 ## - SUBJECT ADDED ENTRY--FACETED TOPICAL TERMS
Focus term unix
942 ## - ADDED ENTRY ELEMENTS (KOHA)
Koha item type Reference Book
Holdings
Withdrawn status Lost status Damaged status Not for loan Collection Home library Current library Shelving location Date acquired Source of acquisition Cost, normal purchase price Total Checkouts Full call number Barcode Date last seen Cost, replacement price Price effective from Koha item type
        CRC Fr. Agnel's C.Rodrigues College of Engineering Fr. Agnel's C.Rodrigues College of Engineering   17/03/2023 global books 1021.29   5.13 PAN 7523 17/03/2023 1021.29 17/03/2023 Reference Book